5HLuxD.jpg

KING HENRY VIII SENIOR AND PRIMARY SCHOOL LIBRARY OPAC

Topsy and Tim go to the doctor / (Record no. 2267)

000 -LEADER
fixed length control field 01026cam a2200289 a 4500
001 - CONTROL NUMBER
control field (Sirsi) a864424
003 - CONTROL NUMBER IDENTIFIER
control field OSt
005 - DATE AND TIME OF LATEST TRANSACTION
control field 20230410081544.0
008 - FIXED-LENGTH DATA ELEMENTS--GENERAL INFORMATION
fixed length control field 140805s2014 enkab a 000 1 eng d
020 ## - INTERNATIONAL STANDARD BOOK NUMBER
International Standard Book Number 9781409303343 (pbk.) :
040 ## - CATALOGING SOURCE
Original cataloging agency TT
Language of cataloging eng
Transcribing agency TAE
Modifying agency KH8
042 ## - AUTHENTICATION CODE
Authentication code nbic
082 0# - DEWEY DECIMAL CLASSIFICATION NUMBER
Classification number 823.914 ADA
100 1# - MAIN ENTRY--PERSONAL NAME
Personal name Adamson, Jean,
Dates associated with a name 1928-
Relator term author
245 10 - TITLE STATEMENT
Title Topsy and Tim go to the doctor /
Statement of responsibility, etc. by Jean and Gareth Adamson ; [illustrations by Belinda Worsley]
246 3# - VARYING FORM OF TITLE
Title proper/short title Go to the doctor.
260 ## - PUBLICATION, DISTRIBUTION, ETC.
Place of publication, distribution, etc. London :
Name of publisher, distributor, etc. Ladybird,
Date of publication, distribution, etc. [2014]
300 ## - PHYSICAL DESCRIPTION
Extent [29] p. :
Other physical details col. ill., col. map ;
Dimensions 21 cm.
520 ## - SUMMARY, ETC.
Summary, etc. Tim wakes up with a sore throat, so Mummy and Dad decide he needs to visit the doctor.
521 1# - TARGET AUDIENCE NOTE
Target audience note 3-6.
650 #0 - SUBJECT ADDED ENTRY--TOPICAL TERM
Topical term or geographic name entry element Topsy (Fictitious character : Adamson)
Form subdivision Juvenile fiction.
650 #0 - SUBJECT ADDED ENTRY--TOPICAL TERM
Topical term or geographic name entry element Tim (Fictitious character : Adamson)
Form subdivision Juvenile fiction.
650 #0 - SUBJECT ADDED ENTRY--TOPICAL TERM
Topical term or geographic name entry element Physicians
Form subdivision Juvenile fiction.
700 1# - ADDED ENTRY--PERSONAL NAME
Personal name Adamson, Gareth.
Relator term author
700 1# - ADDED ENTRY--PERSONAL NAME
Personal name Worsley, Belinda.
Relator term illustrator
942 ## - ADDED ENTRY ELEMENTS (KOHA)
Source of classification or shelving scheme
Koha item type Books - Non Ficton
Holdings
Withdrawn status Lost status Source of classification or shelving scheme Damaged status Not for loan Collection code Permanent Location Current Location Shelving location Date acquired Total Checkouts Full call number Barcode Date last seen Date last checked out Price effective from Koha item type
          Non-Fiction KH8 Primary School Library KH8 Primary School Library Non Fiction 2023-04-10 15 823.914 ADA KHPL000004014 2025-12-05 2025-11-11 2023-04-10 Books - Non Ficton

Powered By KH8 IT Dept